<?xml version="1.0" encoding="UTF-8"?><?xml-stylesheet type="text/xsl" href="static/style.xsl"?><OAI-PMH xmlns="http://www.openarchives.org/OAI/2.0/" xmlns:xsi="http://www.w3.org/2001/XMLSchema-instance" xsi:schemaLocation="http://www.openarchives.org/OAI/2.0/ http://www.openarchives.org/OAI/2.0/OAI-PMH.xsd"><responseDate>2026-04-17T07:38:03Z</responseDate><request verb="GetRecord" identifier="oai:www.recercat.cat:2117/375057" metadataPrefix="marc">https://recercat.cat/oai/request</request><GetRecord><record><header><identifier>oai:recercat.cat:2117/375057</identifier><datestamp>2025-07-23T06:24:44Z</datestamp><setSpec>com_2072_1033</setSpec><setSpec>col_2072_452951</setSpec></header><metadata><record xmlns="http://www.loc.gov/MARC21/slim" xmlns:dcterms="http://purl.org/dc/terms/" xmlns:xsi="http://www.w3.org/2001/XMLSchema-instance" xmlns:doc="http://www.lyncode.com/xoai" xsi:schemaLocation="http://www.loc.gov/MARC21/slim http://www.loc.gov/standards/marcxml/schema/MARC21slim.xsd">
   <leader>00925njm 22002777a 4500</leader>
   <datafield ind2=" " ind1=" " tag="042">
      <subfield code="a">dc</subfield>
   </datafield>
   <datafield ind2=" " ind1=" " tag="720">
      <subfield code="a">Chidiac Cherian, Lucas</subfield>
      <subfield code="e">author</subfield>
   </datafield>
   <datafield ind2=" " ind1=" " tag="260">
      <subfield code="c">2022-06-30</subfield>
   </datafield>
   <datafield ind2=" " ind1=" " tag="520">
      <subfield code="a">Esta memoria técnica recoge los pasos realizados en la elaboración del proyecto de fin de grado,&#xd;
para el dimensionado y prototipado de un sistema de control domótico para optimizar la gestión&#xd;
energética de la instalación fotovoltaica de una vivienda unifamiliar.&#xd;
Se empieza con un estudio previo sobre células solares e instalaciones fotovoltaicas,&#xd;
detallándose los diferentes tipos de componentes, materiales y técnicas utilizadas en el sector,&#xd;
así como proyecciones futuras, para introducir conceptos y elementos esenciales a la&#xd;
comprensión del trabajo y de apartados posteriores.&#xd;
Luego, se elabora un dimensionado de la instalación fotovoltaica que sería necesaria para cubrir&#xd;
la demanda energética de una vivienda unifamiliar, permitiéndose su desconexión total de la&#xd;
red. Suponiéndose una ubicación para esta vivienda, se utilizan datos de irradiación solar y&#xd;
consumo energético promedio para estimar el número de paneles fotovoltaicos, baterías solares,&#xd;
y otros componentes de la instalación para permitir su autosuficiencia.&#xd;
Posteriormente, se seleccionan los componentes electrónicos para elaborar el prototipo&#xd;
comercial de manera justificada que permitirán la gestión de la energía producida por la&#xd;
instalación solar como los sensores, actuadores y el microcontrolador. Se describirá el principio&#xd;
de funcionamiento de cada uno de estos dispositivos, así como sus características eléctricas y&#xd;
sus funciones. Se justificará la planificación de la programación para optimizar la gestión de la&#xd;
energía mediante organigramas.&#xd;
Finalmente, se procede a la elaboración de un prototipo de pruebas, cuya función es recrear el&#xd;
prototipo comercial de manera más factible. Se realizará una equivalencia de ciertos elementos&#xd;
que modelicen una función de la instalación real, y luego se programará mediante Arduino la&#xd;
comunicación entre sensores, microcontrolador y actuadores. Este prototipo se construirá con&#xd;
los componentes electrónicos escogidos para visualizar el objetivo del proyecto.</subfield>
   </datafield>
   <datafield ind2=" " ind1=" " tag="520">
      <subfield code="a">Aquesta memòria tècnica recull les passes realitzades en la elaboració del projecte de fi de grau,&#xd;
pel dimensionat i prototipat d’un sistema de control domòtic per optimitzar la gestió energètica&#xd;
de la instal·lació fotovoltaica d’un habitatge unifamiliar.&#xd;
Es comença amb un estudi previ sobre cel·les solars i instal·lacions fotovoltaiques, detallant-se&#xd;
els diferents tipus de components, materials i tècniques utilitzades en el sector, així com&#xd;
projeccions futures, per introduir conceptes i elements essencials a la comprensió del treball i&#xd;
apartats posteriors.&#xd;
Després, s’elabora un dimensionat de la instal·lació fotovoltaica que seria necessària per cobrir&#xd;
la demanda energètica d’un habitatge unifamiliar, permetent la seva desconnexió total de la&#xd;
xarxa. Suposant-se una ubicació per aquest habitatge, s’utilitzen dades d’irradiació solar i&#xd;
consum energètic mitjans per estimar el nombre de panells fotovoltaics, bateries solars i altres&#xd;
components de la instal·lació per permetre la seva autosuficiència.&#xd;
Posteriorment, es seleccionen els components electrònics per elaborar el prototip comercial de&#xd;
manera justificada que permetran la gestió de la energia produïda per la instal·lació solar com&#xd;
els sensors, actuadors i el microcontrolador. Es descriurà el principi de funcionament de&#xd;
cadascun d’aquests dispositius, així com les seves característiques elèctriques i les seves&#xd;
funcions. Es justificarà la planificació de la programació per optimitzar la gestió de la energia&#xd;
mitjançant organigrames.&#xd;
Finalment, es procedeix a la elaboració d’un prototip de probes, la funció del qual es recrear el&#xd;
prototip comercial de manera mes factible. Es realitzarà una equivalència de certs elements que&#xd;
modelitzen una funció de la instal·lació real, i després es programarà mitjançant Arduino la&#xd;
comunicació entre sensors, microcontrolador i actuadors. Aquest prototip es construirà amb els&#xd;
components electrònics escollits per visualitzar l’objectiu del projecte.</subfield>
   </datafield>
   <datafield ind2=" " ind1=" " tag="520">
      <subfield code="a">This document gathers the steps undertaken in the making of the undergraduate thesis, for the&#xd;
designing and prototyping of a home control system built to optimize the management of energy&#xd;
from a photovoltaic installation in a single-family home.&#xd;
We begin with an introductory study on solar cells and photovoltaic installations, detailing the&#xd;
different types of components, materials and techniques used in the sector, as well as future&#xd;
projections, to introduce concepts and key elements to the understanding of latter sections.&#xd;
Then, we will calculate and design the specifications of the photovoltaic installation needed to&#xd;
cover the energy demands of a single-family home, allowing its complete disconnection from&#xd;
the power grid. We will suppose a location for this home, and use solar radiation and median&#xd;
energy consumption data to estimate the number of photovoltaic panels, solar batteries and&#xd;
other components needed for the installation to allow its self-sufficiency.&#xd;
Subsequently, we will justify the selection of electronic components for the making of a&#xd;
commercial prototype, that will allow the management of energy produced by the solar&#xd;
installation, such as sensors, actuators and the microcontroller. We will describe the working&#xd;
principle of each of these devices, as well as their electronic characteristics and functions. We&#xd;
will justify the planning of the programming to optimize the management of energy through&#xd;
organigrams.&#xd;
Finally, we will proceed to the building of a test prototype, whose function is to emulate the&#xd;
commercial prototype in a realistic manner. We will carry out an equivalence between certain&#xd;
elements to mimic the function of the real installation, and we will later program the&#xd;
communication between sensors, microcontroller and actuators through Arduino. This prototype&#xd;
will be built with the chosen electronic components to visualize easily the goal of this project.</subfield>
   </datafield>
   <datafield ind2=" " ind1=" " tag="520">
      <subfield code="a">Objectius de Desenvolupament Sostenible::13 - Acció per al Clima</subfield>
   </datafield>
   <datafield ind2=" " ind1=" " tag="520">
      <subfield code="a">Objectius de Desenvolupament Sostenible::7 - Energia Assequible i No Contaminant</subfield>
   </datafield>
   <datafield tag="653" ind2=" " ind1=" ">
      <subfield code="a">Home automation</subfield>
   </datafield>
   <datafield tag="653" ind2=" " ind1=" ">
      <subfield code="a">Photovoltaic power generation</subfield>
   </datafield>
   <datafield tag="653" ind2=" " ind1=" ">
      <subfield code="a">Energy consumption</subfield>
   </datafield>
   <datafield tag="653" ind2=" " ind1=" ">
      <subfield code="a">Fotovoltaica</subfield>
   </datafield>
   <datafield tag="653" ind2=" " ind1=" ">
      <subfield code="a">Gestión Energética</subfield>
   </datafield>
   <datafield tag="653" ind2=" " ind1=" ">
      <subfield code="a">Control Domótico</subfield>
   </datafield>
   <datafield tag="653" ind2=" " ind1=" ">
      <subfield code="a">Vivienda Unifamiliar</subfield>
   </datafield>
   <datafield tag="653" ind2=" " ind1=" ">
      <subfield code="a">Domòtica</subfield>
   </datafield>
   <datafield tag="653" ind2=" " ind1=" ">
      <subfield code="a">Energia solar fotovoltaica</subfield>
   </datafield>
   <datafield tag="653" ind2=" " ind1=" ">
      <subfield code="a">Energia -- Consum</subfield>
   </datafield>
   <datafield tag="653" ind2=" " ind1=" ">
      <subfield code="a">Habitatges -- Estalvi d'energia</subfield>
   </datafield>
   <datafield ind2="0" ind1="0" tag="245">
      <subfield code="a">Sistema de control domótico para optimizar la gestión energética de la instalación fotovoltaica de una vivienda unifamiliar</subfield>
   </datafield>
</record></metadata></record></GetRecord></OAI-PMH>